Statistics for Finish the Taylor Swift lyric- Champagne Problems

Click here to take the quiz!

General Stats

  • This quiz has been taken 186 times
  • The average score is 24 of 30

Answer Stats

HintAnswer% Correct
Left you out there standing, crestfallen on the landingchampagne problems
95%
Your heart was glass, I dropped itchampagne problems
95%
You're not sure which is worse, because I, dropped yourhand while dancing
95%
And hold yourhand while dancing
95%
Your mum's ring in your pocketmy picture in your wallet
90%
Your hometown skepticscalled it champagne problems
88%
Bustling crowds orsilent sleepers
88%
You told your family for a reasonyou couldn't keep it in
86%
You booked the night train for a reason so you could sit therein this hurt
85%
This dorm wasonce a madhouse
85%
That we once walked throughone for the money two for the show
85%
And soon they'll have the nerve todeck the halls
84%
Your sister splashed out on the bottlenow no one's celebrating
84%
She would've made such a lovely bride what a shameshe's fucked in the head
83%
You had a speechyou're speechless
83%
Your Midas touchon the chevy door
82%
Dom perignonyou brought it
82%
Love slippedbeyond your reaches
78%
How evergreen, our group of friendsdon't think we'll say that word again
76%
I made a jokewell it's made for me
76%
Her picturein your wallet
73%
Sometimes you just don't know the answer 'tilsomeone's on their knees and asks you
73%
No crowdof friends applauded
72%
I never was readyso i watch you go
71%
Your mum'sring in your pocket
70%
November flushand your flannel cure
68%
And I couldn'tgive a reason champagne problems
64%
Youwon't remember all my champagne problems
61%
They said. But you'll find the real thing insteadshe'll patch up your tapestry that I shred
55%
Never leave you standingcrestfallen on the landing champagne problems
31%

Score Distribution

Percentile by Number Answered

Percent of People with Each Score

Your Score History

You have not taken this quiz